000 00553nam a2200193Ia 4500
003 GCL
008 140319s9999 xx 000 0 eng d
040 _aGCL /
_cGCL
082 0 4 _a338.0919
_bH F
100 1 _aHANDBERG, ROGER
245 1 0 _aTHE FUTURE OF THE SPACE INDUSTRY: PRIVATE ENTERPRISE AND PUBLIC POLICY /
_cHANDBERG, ROGER
700 1 _aWEBB, DAVID C
260 _a[S.N] :
_bROGER HANDBERG ،
_c1995
300 _a169 P
650 0 4 _aSPACE INDUSTRIALIZATION
650 0 4 _aAEROSPACE INDUSTRY
650 0 4 _aUNITED STATES
942 _2ddc
_cBK
999 _c13184
_d13184